Pohjois-Pohjanmaa-visa - Statistics

Yleistilastot
  • Tätä visaa on pelattu 1 727 kertaa
  • Keskiarvotulos 11 / 16
Vastaustilastot
Vihje Vastaus % Oikein
Väkirikkain kaupunki Oulu
99%
Kaupungin torilla sijaitseva patsas Tori{polliisi}
95%
Dyyneistään tunnettu kaupunki Kalajoki
88%
Kyseisessä kaupungissa sijaitseva suosittu vaellusreitti {Karhun}kierros
85%
Kunta ja suurin kyseisessä meressä sijaitseva saari Hailuoto
83%
Ainoa pinta-alaltaan suurempi Suomen maakunta Lappi
82%
Itäinen maisemistaan ja luonnostaan tunnettu kaupunki Kuusamo
81%
Luterilainen herätysliike, jolla on paljon kannatusta Pohjois-Pohjanmaalla Lestadiolaisuus
70%
Toiseksi väkirikkain kaupunki Raahe
67%
Meri, jonka rannalla maakunta sijaitsee Perämeri
65%
Piennisäkäs, joka on Pohjanmaan perinteinen tunnus Kärppä
64%
Ylivieskassa vuonna 1873 syntynyt tasavallan presidentti Kyösti Kallio
63%
Vuoden 1952 Miss Universum -voittaja Armi Kuusela
51%
Pohjois-Pohjanmaassa on 30 näitä alueita, määrän ollen suurin kaikista maakunnista Kuntia
51%
Venäjän miehitysvaihe, jonka aikana iso osa maakunnan asukkaista kuoli Isoviha
45%
Iijoki- ja Koillismaa-sarjat luonut taivalkoskelainen kirjailija Kalle Päätalo
40%
Ehtoja vastaavia visoja ei löytynyt
Tulosjakauma
Jokaisen tuloksen saaneiden osuus
Persentiili vastausten määrän mukaan
Tuloshistoriasi
Et ole pelannut tätä visaa